Democracia participativa y sociedad civil : Una ética empresarial /
Enregistré dans:
| Auteurs principaux: | , |
|---|---|
| Format: | Inconnue |
| Langue: | Spanish |
| Publié: |
Bogotá, Colombia :
Editorial siglo de hombres,
1998.
|
| Sujets: | |
| Tags: |
Ajouter un tag
Pas de tags, Soyez le premier à ajouter un tag!
|
MARC
| LEADER | 000000000a22000000004500 | ||
|---|---|---|---|
| 001 | 011245 | ||
| 020 | |a 9586650162 | ||
| 041 | 0 | |a spa | |
| 082 | 0 | 4 | |a 174.4 |b C829d |
| 100 | 1 | |a Cortina Orts, Adela | |
| 100 | 1 | |a Conill, Jesús | |
| 245 | 1 | 0 | |a Democracia participativa y sociedad civil : |b Una ética empresarial / |c Adela Cortina Orts, Jesús Conill. |
| 260 | 1 | |a Bogotá, Colombia : |b Editorial siglo de hombres, |c 1998. | |
| 300 | |a 184 páginas | ||
| 650 | 4 | |a ETICA DE LOS NEGOCIOS | |
| 650 | 4 | |a ETICA SOCIAL | |
| 650 | 4 | |a ETICA SOCIAL | |
| 999 | |c 16549 |d 16549 | ||
| 942 | |c BK |h 174.4 C829d |2 z | ||



